000 00281nam a2200133 i 4500
001 bg
100 1 _aMOCZURAD, W.
245 0 _aW sieci /
_cW. Moczurad.
260 _aKraków,
_c1993.
040 _cBPK
041 _apol
942 _cKS
008 s pl f |000 0 pol
999 _c6025
_d6025
856 _uhttp://koha.tu.koszalin.pl/cgi-bin/koha/opac-detail.pl?biblionumber=6025
_yKatalog online BPK